Olivia Rodrigo - Paroles pretty isn't pretty - Statistiques

Statistiques générales
  • Ce quiz a été pris 218 fois
  • Le résultat moyen est 235 sur 283
Statistiques - réponses
Hint Réponse % Correct
a
98%
I
98%
mmm
98%
my
98%
isn't
96%
isn't...
96%
oh
96%
pretty
96%
Pretty
96%
in
95%
But
94%
but
94%
to
94%
try
94%
enough,
93%
enough
93%
every
93%
on
93%
the
93%
up
93%
up,
93%
you
93%
Couplet 2 You
93%
face
92%
When
92%
and
91%
And
91%
do
90%
do?
90%
it
90%
it,
90%
cake
89%
cover
88%
eatin'
88%
lipstick
88%
makeup,
88%
so
88%
what
88%
shade
87%
skip
87%
it's
86%
It's
86%
lunch,
86%
of
86%
change
85%
'Cause
84%
started
84%
could
83%
always
82%
birthdays
82%
body
82%
me
82%
stopped
82%
that
82%
think
82%
all
81%
feel
81%
head,
80%
Couplet 1 Bought
79%
bought
79%
boys
79%
looks
79%
mirror
79%
bunch
78%
can
78%
same
78%
some
78%
somethin'
78%
wrong
78%
calm
77%
new
77%
shit
77%
stay
77%
bed
75%
bring
75%
even
75%
wall,
75%
ignore
74%
insecure
74%
missin'
74%
prescription
74%
there's
74%
Refrain There's
74%
win
73%
don't
72%
see
72%
shitty
72%
time,
72%
why
72%
around,
71%
know
71%
magazines
71%
never
71%
still
71%
war
71%
battle,
70%
poster
69%
everythin'
67%
everybody's
64%
Everybody's
64%
hated,
63%
you'll
63%
I'd
62%
Outro No,
60%
things
60%
they
58%
buy
57%
keepin'
57%
told
57%
fucking
55%
life
52%
anyways
50%
clothes
50%
over
50%
you'd
50%
tryna
49%
phone,
48%
again
47%
fix
46%
it'll
40%
like
40%
none
38%
ideal
37%
just
37%
matters,
36%
whole
36%
dumb
28%
ends
25%
chased
24%
Aucun quiz correspondant
Distribution des résultats
% des personnes avec chaque résultat
Percentile par nombre de réponses
Votre historique - résultats
Vous n’avez pas pris ce quiz